AH International Schools' Libraries

What is a virus? / (Record no. 49016)

MARC details
000 -LEADER
fixed length control field 00400nam a22001337a 4500
008 - FIXED-LENGTH DATA ELEMENTS--GENERAL INFORMATION
fixed length control field 250722b |||||||| |||| 00| 0 eng d
020 ## - INTERNATIONAL STANDARD BOOK NUMBER
International Standard Book Number 9781474991513
100 ## - MAIN ENTRY--PERSONAL NAME
Personal name Daynes, Katie
9 (RLIN) 42214
245 ## - TITLE STATEMENT
Title What is a virus? /
Statement of responsibility, etc Katie Daynes
260 ## - PUBLICATION, DISTRIBUTION, ETC. (IMPRINT)
Place of publication, distribution, etc England
Name of publisher, distributor, etc USBORNE CAT ANG
Date of publication, distribution, etc 2021
300 ## - PHYSICAL DESCRIPTION
Extent 14 pages
Other physical details col. ill.
Dimensions 7.83 x 0.55 x 8.86 inches
490 ## - SERIES STATEMENT
Series statement First Questions & Answers
942 ## - ADDED ENTRY ELEMENTS (KOHA)
Source of classification or shelving scheme
Koha item type Board Book
Holdings
Withdrawn status Lost status Source of classification or shelving scheme Damaged status Not for loan Collection code Home library Current library Shelving location Date acquired Full call number Barcode Date last seen Price effective from Koha item type
          Non-Fiction Asian Hope Siem Reap Asian Hope Siem Reap Board Books 07/22/2025 616.91 DAY 209031 07/22/2025 07/22/2025 Board Book

For any Logos Library related questions please contact Miss Art at swongnarasuk@asianhope.org.

For any Asian Hope Library related questions please contact Miss Raza at graza@asianhope.org.

Powered by Koha